00662nam a2200205Ia 4500008004100000020001500041082001800056100001900074245004100093250000600134260002500140300001600165500002400181650001000205700002100215942000700236952009800243952009800341999001700439230524s9999 xx 000 0 und d a8123911513 a624.1773bWEA aWilliam Weaver 0aMatrix Analysis of Framed Structures a1 aNew DelhibCBSc2004 a"vii,487p;" aQuantity Number: 2 aCivil aJR. James M.Gere cBK 00104070aTATCLbTATCLcGENd2023-05-24l0o624.1773 WEAp52911r2023-05-24w2023-05-24yBK 00104070aTATCLbTATCLcGENd2023-05-24l0o624.1773 WEAp52912r2023-05-24w2023-05-24yBK c55333d55333